Регионална библиотека "Любен Каравелов" - Русе

Четене на срички (Запис номер 424262)

MARC детайли
000 -Лидер
Контролно поле с фиксирана дължина 00932nam a2200265 a 4500
003 - Код на организацията, давaща контролен номер
Контролно поле BLK
005 - Дата и час на последна редакция
Контролно поле 20250716090555.0
008 - Елементи от данни с фиксирана дължина
fixed length control field 180409b bul|||||r ||||||| ||bul||
020 ## - Международен стандартен номер на книга ISBN
Международен стандартен номер на книга ISBN 9785783321467
040 ## - Източник на каталожния запис
Идентификатор на билиотеката - собственик на записа BLK
041 ## - Код за език
Код за езика на текст/звукозапис или на отделно заглавие Български
Код за езика КДБФ Български
080 ## - УДК
Текстов определител УДК Основи на четенето. Методи на обучение в четенето
УДК код - определител по УДК 373.3.016:028.1
УДК - код + определител 373.3.016:028.1
080 ## - УДК
Текстов определител УДК Българска литература
УДК код - определител по УДК 821.163.2
УДК определител -93-34
УДК - код + определител 821.163.2-93-34
139 ## - Редно поле
Редна дума Четене на срички
Авторски знак Чет - Ч 75
245 ## - Сведения за заглавието
Заглавие Четене на срички
Редно поле (дума) Адап. Марин Василев
257 ## - Страна на издаване
Страна на създаване/издаване България
260 ## - Област на издателските данни
Място на издаване, разпространение и проч. София
Име на издателя, разпространителя и проч. Ина
Година на издаване 2021
9 (RLIN) 216067
Издателство - префикс ISBN 978-954-9328-
300 ## - Физическа характеристика
Страници 48 с.
Размери/Мащаб 24 см
380 ## - Жанр
Жанр Детска отраслова лит.
490 ## - СЕРИИ (Колекции)
9 (RLIN) 460124
Име на серия Моят първи учебник
856 4# - Електронен адрес и достъп
Електронен формат pdf - файл
856 4# - Електронен адрес и достъп
Електронен формат pdf - файл
999 ## - СИСТЕМНИ КОНТРОЛНИ НОМЕРА
Koha biblionumber 424262
Koha biblioitemnumber 424262
942 ## - АРТИКУЛИ
Вид на библиотечния материал Книги
Скрит в OPAC Не
Koha issues (borrowed), all copies 51
Периодичен библиозапис Да
944 ## - СЪЗДАВАНЕ И РЕДАКЦИЯ на ЗАПИСА
Служител, извършил регистрацията/редакцията 30542
Създаване/Редакция Създаване
Дата на регистрацията/редакция 2021-07-19
Статус, дата на статуса Русанова Ирена
Наличности
Код за отписване Код за изгубен артикул Източник на класификационната схема Код за повреда Коз за рестрикции Код за отдаване Артикулен № Име на библиотеката - собственик Име на библиотеката, в която се намира в момента Статус (Текущо местоположение) Дата на вписване в системата Местоположение - отдел Цена в лева Систематично азбучна сигнатура Баркод Цена в евро Служебен тип на артикула Инвентарен номер
Изтеглен Не е изгубен Universal Decimal Classification Не е повреден без рестрикции заемане за дома 843793 Регионална библиотека "Любен Каравелов" Русе Регионална библиотека "Любен Каравелов" Русе Детски отдел 2021-07-19 Детски отдел 4.50 373.3.016:028/Ч 75 120000857905 2.30 Книги  
  Не е изгубен Universal Decimal Classification Не е повреден без рестрикции заемане за дома 843794 Регионална библиотека "Любен Каравелов" Русе Регионална библиотека "Любен Каравелов" Русе Детски отдел 2021-07-19 Детски отдел 4.50 373.3.016:028/Ч 75 120000857904 2.30 Книги  
  Не е изгубен Universal Decimal Classification Не е повреден без рестрикции заемане за дома 921709 Регионална библиотека "Любен Каравелов" Русе Регионална библиотека "Любен Каравелов" Русе Детски отдел 2023-01-06 Детски отдел 4.50 373.3.016:028/Ч 75 120000881456 2.30 Книги  
  Не е изгубен Universal Decimal Classification Не е повреден   заемане за дома 947599 Регионална библиотека "Любен Каравелов" Русе Регионална библиотека "Любен Каравелов" Русе Детски отдел 2024-08-27 Детски отдел 3.99 ДН 373.3.016:028/Ч 75 120000911334 2.04 Книги 120000911334
  Не е изгубен Universal Decimal Classification Не е повреден   заемане за дома 947600 Регионална библиотека "Любен Каравелов" Русе Регионална библиотека "Любен Каравелов" Русе Детски отдел 2024-08-27 Детски отдел 3.99 ДН 373.3.016:028/Ч 75 120000911335 2.04 Книги 120000911335
  Не е изгубен Universal Decimal Classification Не е повреден   заемане за дома 947601 Регионална библиотека "Любен Каравелов" Русе Регионална библиотека "Любен Каравелов" Русе Детски отдел 2024-08-27 Детски отдел 3.99 ДН 373.3.016:028/Ч 75 120000911336 2.04 Книги 120000911336
Vip Innovations Ltd, Rousse, Bulgaria 2025